15 K-Pop groups - Statistics

General Stats
  • This quiz has been taken 92 times
  • The average score is 9 of 15
Answer Stats
Hint Answer % Correct
I know you got the feeels Twice
89%
Ha, how you like that Blackpink
88%
I'm getting loco, loco... Itzy
86%
Changbin, Felix, Hyunjin Stray Kids
82%
Tomorrow By... TXT
79%
I'm on the next, level Aespa
74%
HWAA (G)I-dle
70%
Got me feeling like a psycho Red Velvet
68%
Growl EXO
58%
Side step, right, left to my... BTS
56%
Has a lot of members Seventeen
42%
Girl, ur my favorite NCT 127
41%
You calling my name... Got7
29%
Girls... SNSD
17%
You give me fever Enhyphen
11%
No matching quizzes found
Score Distribution
Percent of People with Each Score
Percentile by Number Answered
Your Score History
You have not taken this quiz